000 00640nam a2200181 a 4500
001 000034488
005 20200930073728.0
008 111005s2005 es 000 0 spa d
020 _a8481647969
040 _aDO-SdBNP
_bspa
_cBNPHU
100 1 _aLee, Soon-won
_959930
245 1 0 _aReflexiones sobre una medusa /
_cLee Soon-won ; traducción del coreano de Eun-Hee Kwon y Cho-lim Seong ; revisión de Luis de los Frailes Álvaro.
260 _aMadrid :
_bTrotta,
_c2005.
300 _a83 p. ;
_c21 cm.
490 1 _aPliegos de Oriente
_aLejano Oriente. Corea
830 0 _aPliegos de Oriente
_pLejano Oriente. Corea
_959931
049 _aBNPD
999 _c33979
_d33979